[Event "WCPL Rd1"]
[Site "?"]
[Date "2024.10.13"]
[Round "1"]
[Board "1"]
[White "Fowler, Hugo"]
[Black "Bullen, Alex"]
[Result "0-1"]
[WhiteElo "1982"]
[BlackElo "2166"]
[Annotator "Home"]
[PlyCount "90"]
[EventDate "2024.??.??"]
[WhiteTeam "North Cardiff"]
[BlackTeam "Cardiff"]

{[%evp 0,22,26,37,68,76,65,30,31,32,72,53,60,46,32,32,20,22,32,33,31,25,23,12,12]} 1. e4 c6 2. d4 d5 3. Nc3 dxe4 4. Nxe4 Bf5 5. Ng3 Bg6 6. Nf3 Nd7 7. h4 h6 8. Bd3 Bxd3 9. Qxd3 e6 10. Bf4 Qa5+ 11. c3 Ngf6 12. Ne4 Nxe4 13. Qxe4 Nf6 14. Qe5 Qa6 15. Qe2 Qxe2+ 16. Kxe2 Nd5 17. Be5 f6 18. Bg3 h5 19. Rhe1 Kf7 20. Kf1 g6 21. Re4 Bh6 22. c4 Nb6 23. b3 Rhe8 24. Rae1 Nd7 25. Bd6 Rac8 26. Rd1 Nb6 27. Rde1 Nd7 28. Rd1 Bf8 29. Bxf8 Nxf8 30. Ne1 Rcd8 31. Nd3 Rd6 32. Rde1 b6 33. Nb4 c5 34. dxc5 bxc5 35. Nc2 (35. Nd5 $1) 35... Red8 36. R4e2 Nd7 37. f4 Nb8 38. Kf2 Nc6 39. g3 R8d7 40. Kf3 {(=)} Rd3+ 41. Re3 Rd2 42. Rxe6 Ne5+ 43. R6xe5 fxe5 44. fxe5 Ke6 45. Ne3 Rf7+ 0-1

[Event "WCPL Rd1"]
[Site "?"]
[Date "2024.10.13"]
[Round "1"]
[Board "2"]
[White "Rathbone-Jones, Ifan"]
[Black "Szakmany, Bence"]
[Result "1-0"]
[WhiteElo "2120"]
[BlackElo "1940"]
[PlyCount "55"]
[EventDate "2024.??.??"]
[WhiteTeam "Cardiff"]
[BlackTeam "North Cardiff"]

1. d4 Nf6 2. Nf3 d5 3. g3 e6 4. Bg2 Nbd7 5. O-O Bd6 6. c4 dxc4 7. Nbd2 O-O 8. e4 e5 9. Nxc4 Nxe4 10. dxe5 Be7 11. Qe2 Nec5 12. Rd1 Qe8 13. Nd4 Nb6 14. Ne3 c6 15. Ndf5 Bxf5 16. Nxf5 Rd8 17. Bh6 Rxd1+ 18. Rxd1 gxh6 19. Qg4+ Bg5 20. Nxh6+ Kh8 21. Qxg5 Nbd7 22. Rc1 Nd3 23. Qf5 N3xe5 24. Be4 Ng6 25. Rd1 Kg7 26. Ng4 h5 27. Rxd7 hxg4 28. Qxg6+ 1-0

[Event "WCPL Rd1"]
[Site "?"]
[Date "2024.10.13"]
[Round "1"]
[Board "3"]
[White "Smith, Alun"]
[Black "Fathallah, Joe"]
[Result "0-1"]
[WhiteElo "1903"]
[BlackElo "2001"]
[PlyCount "96"]
[EventDate "2024.??.??"]
[WhiteTeam "North Cardiff"]
[BlackTeam "Cardiff"]

1. e4 e6 2. d4 d5 3. exd5 exd5 4. Nf3 Nf6 5. Bd3 Bd6 6. O-O O-O 7. Bg5 Bg4 8. Nbd2 Nbd7 9. c3 c6 10. Qc2 Qc7 11. Rfe1 Rfe8 12. Bf5 Bh5 13. b4 Bg6 14. h3 Bf4 15. Bxg6 hxg6 16. Bxf4 Qxf4 17. g3 Qd6 18. Kg2 b6 19. a3 Qc7 20. Qd3 Rxe1 21. Rxe1 Re8 22. Rxe8+ Nxe8 23. Qe3 Ndf6 24. Ne5 Nd6 25. f3 Nd7 26. a4 Nf8 27. Nb3 f6 28. Nd3 Kf7 29. g4 Nc4 30. Qf4 Qe7 31. Kf2 Ne6 32. Qc1 Qd6 33. Kg2 g5 34. Qe1 Nf4+ 35. Nxf4 Qxf4 36. Qc1 Qxc1 37. Nxc1 Ke6 38. Kf2 Nb2 39. Ke2 Nxa4 40. Kd2 Nb2 41. Nb3 Nc4+ 42. Kd3 a5 43. bxa5 Nxa5 44. Nxa5 bxa5 45. Kc2 Kd6 46. Kb3 Kc7 47. c4 Kb6 48. c5+ Kb5 0-1

[Event "WCPL Rd1"]
[Site "?"]
[Date "2024.10.13"]
[Round "1"]
[Board "4"]
[White "Jukes, Sam"]
[Black "Mcgregor, John"]
[Result "1/2-1/2"]
[WhiteElo "1915"]
[BlackElo "1898"]
[PlyCount "60"]
[EventDate "2024.??.??"]
[WhiteTeam "Cardiff"]
[BlackTeam "North Cardiff"]

1. e4 c5 2. Nf3 Nc6 3. d4 cxd4 4. Nxd4 g6 5. Nc3 Bg7 6. Be3 Nf6 7. Bc4 O-O 8. Bb3 a5 9. f3 e6 10. Ndb5 d5 11. exd5 Nxd5 12. Nxd5 exd5 13. O-O d4 14. Bf2 a4 15. Bc4 Bf5 16. Re1 Ne5 17. Bf1 d3 18. c3 Nc4 19. b3 axb3 20. Qxb3 Nd2 21. Qd1 Nxf1 22. Rxf1 Qa5 23. Nd4 Rac8 24. Nxf5 Qxf5 25. Bd4 Bxd4+ 26. cxd4 Rc2 27. Rc1 Rfc8 28. Rxc2 dxc2 29. Qd2 Qd5 30. a3 c1=Q 1/2-1/2

[Event "WCPL Rd1"]
[Site "?"]
[Date "2024.10.13"]
[Round "1"]
[Board "5"]
[White "Choo Yin, Kan"]
[Black "Mba, Reginald"]
[Result "0-1"]
[WhiteElo "1823"]
[BlackElo "1856"]
[PlyCount "94"]
[EventDate "2024.??.??"]
[WhiteTeam "North Cardiff"]
[BlackTeam "Cardiff"]

1. c4 e6 2. Nc3 d5 3. cxd5 exd5 4. Nf3 Nf6 5. e3 Be7 6. Be2 O-O 7. O-O Re8 8. Qc2 c6 9. d4 Nbd7 10. Bd3 Nf8 11. e4 dxe4 12. Nxe4 Nxe4 13. Bxe4 Bf6 14. Be3 Be6 15. Rad1 Bd5 16. Bxd5 Qxd5 17. b3 Ne6 18. Rfe1 Rad8 19. Qc4 h6 20. h3 Qa5 21. a4 Rd5 22. Re2 Red8 23. Red2 R8d6 24. Rd3 Qd8 25. b4 a5 26. R3d2 axb4 27. Qxb4 Rd7 28. Kf1 Qa5 29. Qb3 Qa6+ 30. Kg1 Ra5 31. Ra2 Qa8 32. Rad2 Rxa4 33. d5 Rxd5 34. Rxd5 cxd5 35. Rxd5 Ra3 36. Qb5 Ra1+ 37. Kh2 Qb8+ 38. g3 Ra2 39. Rd7 Rb2 40. Qd5 b5 41. Kg2 Qc8 42. Nd4 Qc4 43. Qa8+ Kh7 44. Nxe6 Qxe6 45. Qa7 Qe4+ 46. Kh2 Rb1 47. Qb7 Rh1# 0-1

[Event "WCPL Rd1"]
[Site "?"]
[Date "2024.10.13"]
[Round "1"]
[Board "6"]
[White "Kong, Emma"]
[Black "McKenna, Josh"]
[Result "1-0"]
[WhiteElo "1716"]
[BlackElo "1739"]
[PlyCount "63"]
[EventDate "2024.??.??"]
[WhiteTeam "Cardiff"]
[BlackTeam "North Cardiff"]

1. d4 Nf6 2. c4 e6 3. Nc3 Bb4 4. e3 O-O 5. Nge2 d5 6. a3 Be7 7. cxd5 exd5 8. Ng3 c6 9. Bd3 Be6 10. O-O Re8 11. b4 a6 12. Rb1 Nbd7 13. a4 Nb6 14. Qc2 Nc4 15. e4 dxe4 16. Ncxe4 Nxe4 17. Bxe4 g6 18. Rd1 Bd5 19. b5 axb5 20. axb5 Na3 21. Bxa3 Rxa3 22. bxc6 bxc6 23. Bxd5 cxd5 24. Ne2 Bf6 25. h3 Qa8 26. Nc3 Rc8 27. Rb3 Ra1 28. Kh2 Qa5 29. Rd3 Ra2 30. Qxa2 Qc7+ 31. g3 Qc4 32. Ne2 1-0

[Event "WCPL Rd1"]
[Site "?"]
[Date "2024.10.13"]
[Round "1"]
[Board "1"]
[White "Brown, Thomas"]
[Black "Perrett, David C"]
[Result "1-0"]
[WhiteElo "2115"]
[BlackElo "1955"]
[PlyCount "49"]
[EventDate "2024.??.??"]
[WhiteTeam "Rhyfelwyr Essyllwg"]
[BlackTeam "The Full Ponty"]

1. d4 f5 2. g3 Nf6 3. Bg2 e6 4. Nf3 Be7 5. c4 d6 6. Nc3 O-O 7. Qc2 c6 8. O-O Qe8 9. e4 Nxe4 10. Nxe4 fxe4 11. Qxe4 Na6 12. Ng5 Qg6 13. Qxg6 hxg6 14. Re1 Bf6 15. Nxe6 Bxe6 16. Rxe6 Bxd4 17. Be3 Bxe3 18. Rxe3 Rfe8 19. Rae1 Kf8 20. Be4 g5 21. Bg6 Rxe3 22. Rxe3 Rd8 23. Rf3+ Kg8 24. g4 Rf8 25. Bh7+ 1-0

[Event "WCPL Rd1"]
[Site "?"]
[Date "2024.10.13"]
[Round "1"]
[Board "2"]
[White "Thomas, Roy"]
[Black "Heaven, Pete"]
[Result "1/2-1/2"]
[WhiteElo "1841"]
[BlackElo "2012"]
[Annotator "Home"]
[PlyCount "48"]
[EventDate "2024.??.??"]
[WhiteTeam "The Full Ponty"]
[BlackTeam "Rhyfelwyr Essyllwg"]

{[%evp 0,48,19,-30,-19,-29,-24,-24,-34,-28,-24,-22,15,-14,2,-29,26,19,49,11,34,14,41,34,57,52,50,50,46,34,93,29,8,13,33,3,-2,62,111,75,186,214,228,129,180,57,57,57,57,57,57]} 1. f4 d5 2. e3 Nf6 3. Nf3 Bg4 4. h3 Bxf3 5. Qxf3 Nbd7 6. d4 e6 7. Bd3 h5 8. Nd2 Be7 9. c3 c6 10. a4 a5 11. O-O Qc7 12. e4 dxe4 13. Nxe4 Nxe4 14. Bxe4 Nf6 15. Bc2 g6 16. Bd2 O-O 17. g4 hxg4 18. hxg4 Kg7 19. f5 exf5 20. gxf5 Rh8 21. Bf4 Bd6 22. fxg6 Bxf4 23. Qxf4 Qxf4 24. Rxf4 fxg6 1/2-1/2

[Event "WCPL Rd1"]
[Site "?"]
[Date "2024.10.13"]
[Round "1"]
[Board "3"]
[White "Hewitt, William"]
[Black "Harding, Gareth"]
[Result "1-0"]
[WhiteElo "1978"]
[BlackElo "1821"]
[PlyCount "69"]
[EventDate "2024.??.??"]
[WhiteTeam "Rhyfelwyr Essyllwg"]
[BlackTeam "The Full Ponty"]

1. e4 c6 2. d4 d5 3. exd5 cxd5 4. c4 Nf6 5. Nc3 Nc6 6. Nf3 g6 7. cxd5 Nxd5 8. Qb3 Nxc3 9. Bc4 e6 10. bxc3 Qb6 11. Qxb6 axb6 12. Bf4 Na5 13. Nd2 Bd7 14. Bd3 Rc8 15. Be5 Rg8 16. Ke2 f5 17. Rhb1 Nc6 18. Nc4 Nxe5 19. Nxe5 Rxc3 20. Nxd7 Kxd7 21. Rxb6 Rc7 22. Rab1 Bg7 23. R1b4 Ra8 24. a4 Bf8 25. Rb3 Bg7 26. Ke3 Bf8 27. f4 h6 28. Rxb7 Rxb7 29. Rxb7+ Kc6 30. Rf7 Kd6 31. Bb5 Be7 32. Rh7 g5 33. Rxh6 gxf4+ 34. Kxf4 Rg8 35. Rxe6+ 1-0

[Event "WCPL Rd1"]
[Site "?"]
[Date "2024.10.13"]
[Round "1"]
[Board "4"]
[White "Wilmot, Daniel"]
[Black "Jones, Derek C"]
[Result "1-0"]
[WhiteElo "1792"]
[BlackElo "1962"]
[PlyCount "97"]
[EventDate "2024.??.??"]
[WhiteTeam "The Full Ponty"]
[BlackTeam "Rhyfelwyr Essyllwg"]

1. d4 Nf6 2. Nc3 d5 3. Bf4 e6 4. Nb5 Na6 5. e3 Be7 6. Nf3 O-O 7. h3 c6 8. Nc3 Qa5 9. a3 Ne4 10. Bxa6 Nxc3 11. bxc3 Qxc3+ 12. Ke2 bxa6 13. Qd3 Qxd3+ 14. cxd3 c5 15. dxc5 Bxc5 16. Rhc1 Bb6 17. Rab1 Bd7 18. Bc7 Rfc8 19. Bxb6 Rxc1 20. Rxc1 axb6 21. Rc7 Be8 22. Rb7 b5 23. Kd2 Kf8 24. Kc3 Rc8+ 25. Kb2 Rc6 26. Ne5 Rd6 27. d4 f6 28. Nd3 a5 29. Ra7 a4 30. Kc3 h5 31. f4 Rc6+ 32. Nc5 h4 33. Kb4 Rd6 34. Rc7 Bh5 35. Nb7 Ra6 36. Rc8+ Kf7 37. Rc2 Rb6 38. Rc7+ Kg6 39. Ka5 Rxb7 40. Rxb7 Kf5 41. Rxg7 Ke4 42. g4 hxg3 43. Rxg3 Be2 44. h4 e5 45. fxe5 fxe5 46. dxe5 Kxe5 47. h5 Bd3 48. h6 d4 49. Rg5+ 1-0

[Event "WCPL Rd1"]
[Site "?"]
[Date "2024.10.13"]
[Round "1"]
[Board "5"]
[White "Van Kemenade, Rudy"]
[Black "Jeanes, Andrew"]
[Result "1-0"]
[WhiteElo "1954"]
[BlackElo "1789"]
[Annotator "kemen"]
[PlyCount "77"]
[EventDate "2024.??.??"]
[WhiteTeam "Rhyfelwyr Essyllwg"]
[BlackTeam "The Full Ponty"]

{[%evp 0,28,19,29,74,77,80,79,80,37,41,4,7,0,30,16,34,-67,49,56,66,71,67,43,70,64,85,85,127,135,143]} 1. e4 c6 2. d4 d5 3. e5 e6 4. Qg4 {a bit aggressive, but when Bl does play c5 it will be a French with a move behind.} (4. Nf3 {main} c5 5. c3 Nc6 6. Be3 (6. Bd3 {main}) 6... cxd4 7. cxd4 Bb4+ 8. Nbd2 Nge7 9. Bd3 Ng6 10. O-O O-O 11. Ng5 $16 {Cooke-Jeanes, S Wales New Year 2017, 1-0}) 4... Ne7 (4... f5 5. Qg3 $16 c5 {vk 2-0 internet games} (5... b6 6. Nf3 Qc7 7. Nc3 $16 Bd7 8. a4 $18 {though Van Kemenade-Moore. Dyfed Open 2011,0-1 when Wh overpressed})) 5. Bd3 (5. Nf3 {2-0 , vk 1-0 internet though} c5 $11 {SF17}) 5... c5 6. c3 (6. Nf3 cxd4 7. O-O {is worth considereing, following a Nimsovitch super constriction game}) (6. dxc5 Nd7 7. Nf3 Nxc5 8. O-O Nxd3 9. cxd3 Nf5 10. Nc3 $11 {1 game each in database}) 6... cxd4 (6... Nbc6 7. Nf3 cxd4 8. O-O $11 {Sf17}) 7. cxd4 Nbc6 8. Nf3 {as Wh realised after this, Bl had a chance he missed to get rid of the French B, which is often bad} (8. Nc3 Nf5 9. Nge2 $16 {SF17}) 8... h6 (8... Nb4 {exploits the absence of the Q from d1} 9. Bb5+ Bd7 10. Bxd7+ Qxd7 11. Na3 Nd3+ 12. Ke2 Nb4 $17 {SF17} (12... Nf5 $5 13. Kxd3 Qa4 14. Ke2 Bxa3 15. bxa3 Qc4+ 16. Kd1 Qc3 17. Rb1 Qd3+ 18. Nd2 Rc8 19. Qf3 Qc2+ 20. Ke1 Nxd4 21. Qd1 Qd3 22. f4 O-O $17 {SF17})) 9. Nc3 a6 10. O-O Bd7 11. h4 Qa5 $2 {wastes another tempo due to Wh's obvious reply} (11... g6 $5) 12. Bd2 $18 Qc7 13. Rac1 (13. h5 {Sf17}) 13... Nc8 14. Na4 b6 15. h5 Qd8 (15... Qb7 {expected by Wh} 16. Nh4 $18) 16. b3 (16. Nh4 N8e7 17. Rfe1 Qb8 18. Re3 Kd8 19. Rf3 Be8 20. Rf4 Ra7 21. Qf3 Qb7 22. Nc3 Nb4 23. Bb1 Nc8 24. Ng6 $18 {SF17}) 16... N8a7 17. Rc2 (17. Bxa6 {considered, but Wh feared the B might get trapped} b5 18. Nc5 Qb6 {though SF17 finds two ways out} 19. Bb7 (19. a4 bxa4 (19... Bxc5 20. Qxg7 Rf8 21. Rxc5 Qxa6 22. axb5 Nxb5 23. Rxc6 Qxc6 24. Bb4 O-O-O 25. Bxf8 $19)) 19... Rb8 20. Bxc6 Nxc6 21. Rc2 $18 {SF17}) (17. Nh4 Rg8 18. f4 Ba3 (18... Nb5 19. Rxc6 $1 Bxc6 20. Bh7 Rh8 21. f5 Bd7 (21... Rxh7 22. fxe6 Ra7 23. exf7+ Rxf7 24. Qe6+ Qe7 25. Qc8+ Qd8 26. Qxc6+ Qd7 27. Qa8+ Qd8 28. Qxd8+ Kxd8 29. Rxf7 $18 {SF17}) 22. Bg6 Qe7 23. f6 $18 {SF17-beyond most human calculation}) 19. Bh7 $18 {SF17}) 17... Nb5 18. Rfc1 Rc8 19. Bxb5 (19. Bf1 $18 {SF17- unfathomableto human eye why this retreat}) 19... axb5 20. Nb2 Na5 {normally it is best to let the other side do the exchanging, yet here Wh could have slowed down Bl's chances along the a file by several moves} 21. Nd3 (21. Rxc8 Bxc8 22. Nd3 Bd7 23. Nh4 Nc6 24. Ng6 $1 {SF17} Rg8 (24... fxg6 25. Rxc6 Bxc6 26. Qxe6+ Be7 27. Qxc6+ Qd7 28. Qxg6+ Kd8 29. Qxg7 Re8 30. Qxh6 $18 {SF17}) 25. Nxf8 Kxf8 26. Qf4 Qa8 27. Nb4 Ne7 (27... Nxb4 28. Bxb4+ Ke8 29. Rc7 Qd8 30. Rb7 $18) 28. g4 $18 {SF17}) (21. Bxa5 bxa5 22. Nd3 Rxc2 23. Rxc2 Qb8 24. Nc5 Bc8 25. Ne1 $18 {SF17}) 21... Rxc2 22. Rxc2 Nc6 23. b4 (23. a3 Qa8 24. Nb4 Ne7 25. Nh4 Qxa3 26. Qd1 Qa8 27. Ra2 Qb7 28. Qf3 Rg8 29. Qc3 Kd8 30. Qa1 Nc8 31. Qb1 Rh8 32. f4 Be7 33. Be1 $18 {SF17}) 23... Qa8 $16 24. Nfe1 $1 Qa4 25. Bc3 (25. Rc3 Qxa2 26. Nc2 Ne7 27. Kh2 Nf5 28. Bc1 Qa8 29. Ne3 Ne7 30. Bd2 $16 {but this human fails to see the logic behind the Engine moves}) 25... Rg8 26. Rb2 Be7 27. Qe2 (27. Nc2 Bg5 28. Qd1 (28. f4 f5 29. exf6 Bxf6 30. Qg6+ Kd8 31. Ne5 $16) 28... Qa8 29. Rb3 $16 {SF17}) 27... f5 28. exf6 Bxf6 29. Nf3 (29. Nc2 Kf7 30. Ne3 Rf8 (30... Nxd4 31. Qg4 $1 $18 {Sf17} Nf5 32. Qg6+ Kf8 33. Bxf6 Nxe3 34. Rd2 (34. fxe3 Qd1+ 35. Kh2 gxf6 36. Qxh6+ Ke8 37. Nf4 Qg4 38. Ng6 Kf7 39. Rf2 $18 {looks good for Wh}) 34... Nc4 35. Bh4 $1 {yet it seems other moves only draw} Qa8 (35... Nxd2 36. Ne5 Be8 37. Qxe6 {mating}) 36. Re2 {yet more crazy variations from the engine = this human has trouble making sense of it all}) 31. Nf4 $16) 29... Kf7 30. Nf4 (30. Nde5+ Bxe5 31. Nxe5+ Nxe5 32. Qxe5 Qd1+ 33. Kh2 Rf8 {is difficult to win, as both sides have bad Bs}) (30. Nh2 Nxd4 31. Bxd4 Bxd4 32. Rb3 Rc8 33. Ne5+ Bxe5 34. Qxe5 Rc1+ 35. Nf1 Qxa2 36. Rf3+ Ke7 37. Qxg7+ Kd6 38. Qg3+ e5 39. Rf6+ Be6 40. Qe3 Rxf1+ 41. Kxf1 d4 42. Qxh6 Qb1+ 43. Ke2 Qc2+ 44. Qd2 Qe4+ 45. Kf1 Ke7 46. Rxe6+ Kxe6 47. Qh6+ Kd7 48. f3 Qb1+ 49. Kf2 Qd1 50. Qg7+ Kd6 51. h6 d3 52. h7 d2 53. Qh6+ Kd7 54. Qg7+ Ke6 55. Qg6+ Kd7 56. Qe4 Qh1 57. Qd5+ Kc8 58. Kg3 d1=Q 59. Qxd1 Qxd1 60. h8=Q+ Kb7 61. Qxe5 $18 {Sf17}) 30... Re8 $14 31. Qd3 (31. Ng6) 31... Kg8 32. Bd2 (32. Nh2) (32. Ng6) 32... Ra8 (32... Qd1+ 33. Kh2 Nxd4 34. Nxd4 e5 35. Rb1 Qg4 36. Nxd5 exd4 37. Nxf6+ gxf6 38. Re1 Kg7 $11 {f17}) 33. Ne2 Qa3 34. Qb1 (34. Qc3 Qxc3 35. Bxc3 Be8 36. Nf4 Bf7 $11 {SF17}) 34... e5 (34... Be8 $11) 35. Bc3 (35. Nc3 {considered} Rf8 (35... exd4 36. Nxb5 Qa4 37. Nc7 Rf8 38. Nxd5 Qb5 39. Qe4 Bd8 40. Nxd4 Nxd4 41. Qxd4 Bc6 42. Bc3 Rf7 43. Ne3 Bf6 $11) (35... e4 36. Nxd5 $1 {missed in calculation by Wh} (36. Nxb5 Qa6 (36... Qd3 $11) 37. Nc7 Qb7 38. Nxd5 exf3 39. Nxf6+ gxf6 40. Qg6+ $18 Kf8 41. Qxf6+ Ke8 42. Bxh6 Be6 43. Qxe6+ Ne7 44. Rb3 Qc6 45. Qxc6+ Nxc6 46. Rxf3 $18 {SF17})) 36. Nxd5 exd4 $11 {SF17}) 35... exd4 (35... e4 36. Ne5 Bxe5 37. dxe5 Bg4 38. Qe1 Qa7 $11 {SF17}) 36. Nfxd4 Rc8 $2 (36... Nxd4 37. Bxd4 Bxd4 38. Nxd4 Rc8 $11 {SF17}) 37. Nxb5 {and Bl's position collapses} Qa6 38. Bxf6 (38. Nd6 {wins an exchange}) 38... Qxb5 (38... Ne7 39. Nd6 gxf6 40. b5 Qa4 41. Nxc8 Bxc8 42. Rb4 Qa7 43. Nd4 $18 {Sf17}) 39. Qg6 {mating} 1-0

[Event "WCPL Rd1"]
[Site "?"]
[Date "2024.10.13"]
[Round "1"]
[Board "6"]
[White "Jones, Gavin"]
[Black "Van Kemenade, Julie"]
[Result "1-0"]
[WhiteElo "1740"]
[BlackElo "1823"]
[Annotator "Home"]
[PlyCount "101"]
[EventDate "2024.??.??"]
[WhiteTeam "The Full Ponty"]
[BlackTeam "Rhyfelwyr Essyllwg"]

{[%evp 0,101,18,25,77,75,81,71,63,45,64,47,49,41,45,59,70,62,88,56,86,80,122,122,136,124,157,157,234,240,240,192,188,127,128,111,105,106,61,59,59,43,116,119,119,65,132,161,216,255,269,223,170,192,254,248,319,287,482,393,403,336,351,336,328,294,284,133,222,172,240,239,347,347,335,329,404,397,465,481,494,475,477,495,578,560,596,547,550,455,633,602,656,700,733,748,769,646,1225,1225,29991,29992,29993,29992]} 1. d4 d6 2. e4 Nf6 3. Nc3 c6 4. f4 Qa5 5. Bd3 e5 6. Nf3 Bg4 7. Be3 Nbd7 8. O-O Be7 9. a3 h5 10. h3 exf4 11. Bxf4 Bxf3 12. Qxf3 g5 13. b4 Qc7 14. Bxg5 O-O-O 15. Bf4 h4 16. Na4 Rdg8 17. c4 Nh5 18. Bh2 Ng3 19. Rfc1 Bg5 20. Rc2 Nf6 21. Bxg3 hxg3 22. b5 Nh5 23. e5 Nf4 24. Bf5+ Kd8 25. exd6 Qxd6 26. Rd1 Ke7 27. Rb2 Rb8 28. Nc5 Rhd8 29. bxc6 bxc6 30. Rxb8 Rxb8 31. Ne4 Qh6 32. Nxg3 Rb2 33. Bc2 Kf8 34. Qc3 Qh4 35. Kh2 Nxh3 36. gxh3 Bf4 37. Rd3 Rb8 38. Ba4 Re8 39. Bxc6 Re2+ 40. Bg2 Qe7 41. Rf3 Qg5 42. Kh1 Rd2 43. c5 Rd1+ 44. Kh2 Rc1 45. Qd3 Ra1 46. Qe4 Bc7 47. d5 Qc1 48. Qe3 Qc2 49. d6 Ra2 50. Qe7+ Kg8 51. Qe8+ 1-0

[Event "Welsh U1850 League"]
[Site "Bridgend"]
[Date "2024.10.13"]
[Round "1.1"]
[White "Esteves, Sergio"]
[Black "Horrell, Stephen A"]
[Result "1-0"]
[WhiteElo "1829"]
[BlackElo "1769"]
[Annotator "kemen"]
[PlyCount "53"]
[EventDate "2024.??.??"]

{[%evp 0,53,33,33,36,-21,5,-1,18,-3,78,82,95,45,39,39,46,38,49,51,49,16,12,20,27,28,43,37,85,-26,-13,-13,84,78,75,41,25,-155,-143,-152,126,113,123,126,134,104,133,118,126,118,133,-582,132,100,29997,29998]} 1. e4 d5 2. d4 dxe4 3. Nc3 Bf5 (3... Nf6 {main}) 4. f3 e3 (4... exf3 {main}) 5. Bxe3 Nf6 6. Bd3 (6. Bc4 {main}) 6... Bxd3 7. Qxd3 a6 $146 (7... c6) (7... e6) 8. Nge2 (8. O-O-O $14) 8... e6 9. O-O $11 Be7 10. a4 O-O 11. Ne4 Nbd7 12. a5 Rc8 13. Rfd1 c5 $6 14. Nxc5 (14. dxc5 Qc7 (14... Nxc5 15. Qxd8 Rfxd8 16. Bxc5 $18) 15. b4 $16 {SF17}) 14... Nxc5 15. dxc5 Qc7 (15... Bxc5 $11) 16. b4 $16 Nd5 17. Qb3 $5 (17. Bd2 $16) 17... Qe5 18. Bd4 $2 (18. Ra3 Rfd8 $11 {SF17}) 18... Qxe2 $19 19. c4 Bf6 $2 {Bl thought the Q was getting trapped} (19... Nf4 20. Ra2 Rcd8 $1 21. Rxe2 (21. Kh1 Qxd1+ 22. Qxd1 e5) 21... Nxe2+ 22. Kh1 Nxd4 {gets 3 pieces for the Q}) 20. cxd5 $18 Bxd4+ 21. Rxd4 exd5 22. Rxd5 Qb5 23. Re1 Rfe8 24. Rde5 Rcd8 25. Qc4 Qc6 26. Re7 Rc8 27. Qxf7+ 1-0

[Event "WCPL U1850"]
[Site "?"]
[Date "2024.10.13"]
[Round "1.2"]
[White "Dixon, Chris"]
[Black "McGrath, Ethan"]
[Result "1/2-1/2"]
[WhiteElo "1784"]
[BlackElo "1750"]
[Annotator "kemen"]
[PlyCount "66"]
[EventDate "2024.10.15"]

{[%evp 0,26,30,22,27,27,22,9,5,16,16,-14,-8,-5,-5,-5,-5,3,6,6,6,28,13,6,9,-14,7,0,0]} 1. d4 Nf6 2. Nf3 e6 3. e3 d5 4. Bd3 c5 5. c3 Bd6 6. Nbd2 Nc6 7. O-O Qc7 (7... O-O {main}) 8. dxc5 Bxc5 9. b4 {this scores 50% for Wh} (9. e4 {is the old mainline Colle, which scores 49% in the databases}) 9... Bd6 10. Bb2 Bd7 (10... Ng4 11. h3 h5 12. a3 Nce5 13. Nxe5 Nxe5 14. Nf3 Bd7 15. Be2 Nc4 16. Bxc4 Qxc4 17. Qd4 Qxd4 18. exd4 Bb5 $17 {Dixon-McGrath, Autumn open 2024,0-1}) 11. a3 Ng4 12. h3 Nge5 13. Be2 Nxf3+ (13... Ne7 14. c4 Nxc4 15. Bxc4 dxc4 16. Ne4 Nf5 17. Bxg7 Rg8 18. Nf6+ Ke7 19. Nxg8+ Rxg8 20. Bc3 $15 {Decroix-M Leconte, Paris ch open 2000,0-1}) 14. Nxf3 Ne5 15. Nxe5 (15. c4 $14 {Cloud Engines}) 15... Bxe5 16. Rc1 b5 17. Re1 (17. e4 dxe4 18. Qc2 O-O 19. c4 $11 {SF17}) 17... a6 18. Qd3 Qc4 19. Qxc4 bxc4 (19... dxc4 $17) 20. Bd1 (20. e4 $11 {SF17}) 20... a5 21. Ra1 O-O $17 (21... axb4 22. axb4 Rxa1 23. Bxa1 Ke7 24. Bb2 Ra8 25. g3 Ra2 26. Re2 g5 $19 {SF17}) 22. Bc2 Bf6 23. e4 Bc6 24. exd5 exd5 25. Kf1 Rfe8 26. Rxe8+ Rxe8 27. Re1 Rxe1+ 28. Kxe1 axb4 29. axb4 d4 30. cxd4 Bxg2 31. Bf5 Kf8 32. Kd2 Ke7 33. b5 g6 $11 1/2-1/2